|
|
|
|
| LEADER |
00000naa a2200000uu 4500 |
| 001 |
vtls011785087 |
| 003 |
SK-MaSNL |
| 005 |
20260302100701.0 |
| 008 |
220808|1987 xo |||||||||||||||||slo| |
| 015 |
|
|
|a SNBRA
|
| 035 |
|
|
|a (urnnbn)urn:nbn:sk:snk:ar-a0cwjo
|
| 035 |
|
|
|a (uuid)f16ee0ef-f4aa-4ad2-b452-3494caeeae4e
|
| 035 |
|
|
|a urn:nbn:sk:snk-aatl97
|
| 040 |
|
|
|a SNKBUCL
|b slo
|c SNKBUCL
|e AACR2
|
| 041 |
0 |
|
|a slo
|
| 044 |
|
|
|a xo
|c SK
|
| 245 |
0 |
0 |
|a ENDREFFY, Ján
|b náboženský spisovateľ (9. 10. 1891 Horné Saliby, okr. Galanta - Nyíregyháza, MĽR)
|
| 655 |
|
7 |
|a biografické heslá
|2 SNKPH
|9 368942
|
| 773 |
0 |
|
|t Slovenský biografický slovník : (od roku 833 do roku 1990). II. zväzok, E-J
|d Martin : Matica slovenská, 1987
|g S. 17
|
| 954 |
|
|
|a odborná, vedecká literatúra pôvodná (slovenská)
|2 lita
|
| 958 |
|
|
|a BX
|
| 958 |
|
|
|a OND
|
| 958 |
|
|
|a chapter
|
| 958 |
|
|
|a article25
|
| 999 |
|
|
|c 1220749
|d 1222679
|